<?xml version="1.0" encoding="UTF-8"?>
<record
    xmlns:xsi="http://www.w3.org/2001/XMLSchema-instance"
    xsi:schemaLocation="http://www.loc.gov/MARC21/slim http://www.loc.gov/standards/marcxml/schema/MARC21slim.xsd"
    xmlns="http://www.loc.gov/MARC21/slim">

  <leader>01215nam a22002897a 4500</leader>
  <controlfield tag="005">20170712103431.0</controlfield>
  <datafield tag="010" ind1=" " ind2=" ">
    <subfield code="a">1516EN07   ENG-114955</subfield>
  </datafield>
  <datafield tag="020" ind1=" " ind2=" ">
    <subfield code="a">9789332549951</subfield>
    <subfield code="c">525.00</subfield>
  </datafield>
  <datafield tag="020" ind1=" " ind2=" ">
    <subfield code="a">9789332549951</subfield>
    <subfield code="c">579.00  (AV)</subfield>
  </datafield>
  <datafield tag="035" ind1=" " ind2=" ">
    <subfield code="a">B-613611-632</subfield>
  </datafield>
  <datafield tag="035" ind1=" " ind2=" ">
    <subfield code="a">EN-98487</subfield>
  </datafield>
  <datafield tag="035" ind1=" " ind2=" ">
    <subfield code="a">B-667993</subfield>
  </datafield>
  <datafield tag="037" ind1=" " ind2=" ">
    <subfield code="a">DPL</subfield>
    <subfield code="b">Techniz/Ven</subfield>
  </datafield>
  <datafield tag="037" ind1=" " ind2=" ">
    <subfield code="b">DBAD/PUB</subfield>
  </datafield>
  <datafield tag="082" ind1=" " ind2=" ">
    <subfield code="a">005.74</subfield>
  </datafield>
  <datafield tag="100" ind1=" " ind2=" ">
    <subfield code="a">Kroenke, David M.</subfield>
  </datafield>
  <datafield tag="245" ind1=" " ind2=" ">
    <subfield code="a">Database processing:</subfield>
    <subfield code="c">by David M. Kroenke [and] David J.Auer</subfield>
    <subfield code="b">fundamentals,design and implementation /</subfield>
  </datafield>
  <datafield tag="250" ind1=" " ind2=" ">
    <subfield code="a">13th ed</subfield>
  </datafield>
  <datafield tag="260" ind1=" " ind2=" ">
    <subfield code="a">Noida</subfield>
    <subfield code="b">Pearson Education</subfield>
    <subfield code="c">2015</subfield>
  </datafield>
  <datafield tag="270" ind1=" " ind2=" ">
    <subfield code="a">7th Floor,Knowledge Boulevard,A-8(A) Sector-62,</subfield>
    <subfield code="b">Noida</subfield>
    <subfield code="e">201309</subfield>
  </datafield>
  <datafield tag="300" ind1=" " ind2=" ">
    <subfield code="a">640p.:                 </subfield>
    <subfield code="c">27cm(pbk)</subfield>
    <subfield code="b">ill.</subfield>
  </datafield>
  <datafield tag="500" ind1=" " ind2=" ">
    <subfield code="a">Includes bibliographical references and index</subfield>
  </datafield>
  <datafield tag="700" ind1=" " ind2=" ">
    <subfield code="a">Auer, David J.</subfield>
  </datafield>
  <datafield tag="942" ind1=" " ind2=" ">
    <subfield code="2">ddc</subfield>
    <subfield code="c">EN</subfield>
    <subfield code="h">005.74</subfield>
    <subfield code="m">KRO</subfield>
  </datafield>
  <datafield tag="999" ind1=" " ind2=" ">
    <subfield code="c">95968</subfield>
    <subfield code="d">95968</subfield>
  </datafield>
  <datafield tag="952" ind1=" " ind2=" ">
    <subfield code="0">0</subfield>
    <subfield code="1">0</subfield>
    <subfield code="4">0</subfield>
    <subfield code="7">0</subfield>
    <subfield code="8">NFIC</subfield>
    <subfield code="a">L</subfield>
    <subfield code="b">L</subfield>
    <subfield code="d">2016-02-10</subfield>
    <subfield code="e">TZ-15261-D/24.9.2015/144/16.9.2015/4.11.2015</subfield>
    <subfield code="g">525.00</subfield>
    <subfield code="l">4</subfield>
    <subfield code="m">1</subfield>
    <subfield code="o">005.74 KRO</subfield>
    <subfield code="p">B-613611</subfield>
    <subfield code="r">2026-06-06 13:11:00</subfield>
    <subfield code="s">2026-05-09</subfield>
    <subfield code="t">1</subfield>
    <subfield code="v">525.00</subfield>
    <subfield code="y">EN</subfield>
  </datafield>
  <datafield tag="952" ind1=" " ind2=" ">
    <subfield code="0">0</subfield>
    <subfield code="1">0</subfield>
    <subfield code="4">0</subfield>
    <subfield code="7">1</subfield>
    <subfield code="8">REF</subfield>
    <subfield code="a">L</subfield>
    <subfield code="b">L</subfield>
    <subfield code="d">2016-02-10</subfield>
    <subfield code="e">TZ-15261-D/24.9.2015/144/16.9.2015/4.11.2015</subfield>
    <subfield code="g">525.00</subfield>
    <subfield code="l">0</subfield>
    <subfield code="o">005.74 KRO</subfield>
    <subfield code="p">B-613612</subfield>
    <subfield code="r">2016-02-10 00:00:00</subfield>
    <subfield code="t">1</subfield>
    <subfield code="v">525.00</subfield>
    <subfield code="y">EN</subfield>
  </datafield>
  <datafield tag="952" ind1=" " ind2=" ">
    <subfield code="0">0</subfield>
    <subfield code="1">0</subfield>
    <subfield code="4">0</subfield>
    <subfield code="7">0</subfield>
    <subfield code="8">NFIC</subfield>
    <subfield code="a">NPL</subfield>
    <subfield code="b">NPL</subfield>
    <subfield code="d">2016-02-10</subfield>
    <subfield code="e">TZ-15261-D/24.9.2015/144/16.9.2015/4.11.2015</subfield>
    <subfield code="g">525.00</subfield>
    <subfield code="l">0</subfield>
    <subfield code="o">005.74 KRO</subfield>
    <subfield code="p">B-613613</subfield>
    <subfield code="r">2016-02-10 00:00:00</subfield>
    <subfield code="t">1</subfield>
    <subfield code="v">525.00</subfield>
    <subfield code="y">EN</subfield>
  </datafield>
  <datafield tag="952" ind1=" " ind2=" ">
    <subfield code="0">0</subfield>
    <subfield code="1">3</subfield>
    <subfield code="4">0</subfield>
    <subfield code="7">0</subfield>
    <subfield code="8">NFIC</subfield>
    <subfield code="a">BL1</subfield>
    <subfield code="b">BL1</subfield>
    <subfield code="d">2016-02-10</subfield>
    <subfield code="e">TZ-15261-D/24.9.2015/144/16.9.2015/4.11.2015</subfield>
    <subfield code="g">525.00</subfield>
    <subfield code="l">0</subfield>
    <subfield code="o">005.74 KRO</subfield>
    <subfield code="p">B-613614</subfield>
    <subfield code="r">2016-02-10 00:00:00</subfield>
    <subfield code="t">1</subfield>
    <subfield code="v">525.00</subfield>
    <subfield code="y">EN</subfield>
  </datafield>
  <datafield tag="952" ind1=" " ind2=" ">
    <subfield code="0">0</subfield>
    <subfield code="1">0</subfield>
    <subfield code="4">0</subfield>
    <subfield code="7">0</subfield>
    <subfield code="8">NFIC</subfield>
    <subfield code="a">KGM</subfield>
    <subfield code="b">KGM</subfield>
    <subfield code="d">2016-02-10</subfield>
    <subfield code="e">TZ-15261-D/24.9.2015/144/16.9.2015/4.11.2015</subfield>
    <subfield code="g">525.00</subfield>
    <subfield code="l">0</subfield>
    <subfield code="o">005.74 KRO</subfield>
    <subfield code="p">B-613615</subfield>
    <subfield code="r">2016-02-10 00:00:00</subfield>
    <subfield code="t">1</subfield>
    <subfield code="v">525.00</subfield>
    <subfield code="y">EN</subfield>
  </datafield>
  <datafield tag="952" ind1=" " ind2=" ">
    <subfield code="0">0</subfield>
    <subfield code="1">0</subfield>
    <subfield code="4">0</subfield>
    <subfield code="7">0</subfield>
    <subfield code="8">NFIC</subfield>
    <subfield code="a">PR</subfield>
    <subfield code="b">PR</subfield>
    <subfield code="d">2016-02-10</subfield>
    <subfield code="e">TZ-15261-D/24.9.2015/144/16.9.2015/4.11.2015</subfield>
    <subfield code="g">525.00</subfield>
    <subfield code="l">1</subfield>
    <subfield code="o">005.74 KRO</subfield>
    <subfield code="p">B-613616</subfield>
    <subfield code="r">2022-03-16 00:00:00</subfield>
    <subfield code="s">2022-03-05</subfield>
    <subfield code="t">1</subfield>
    <subfield code="v">525.00</subfield>
    <subfield code="y">EN</subfield>
  </datafield>
  <datafield tag="952" ind1=" " ind2=" ">
    <subfield code="0">0</subfield>
    <subfield code="1">0</subfield>
    <subfield code="4">0</subfield>
    <subfield code="7">0</subfield>
    <subfield code="8">NFIC</subfield>
    <subfield code="a">TN</subfield>
    <subfield code="b">TN</subfield>
    <subfield code="d">2016-02-10</subfield>
    <subfield code="e">TZ-15261-D/24.9.2015/144/16.9.2015/4.11.2015</subfield>
    <subfield code="g">525.00</subfield>
    <subfield code="l">2</subfield>
    <subfield code="m">1</subfield>
    <subfield code="o">005.74 KRO</subfield>
    <subfield code="p">B-613617</subfield>
    <subfield code="r">2021-08-04 00:00:00</subfield>
    <subfield code="s">2021-07-08</subfield>
    <subfield code="t">1</subfield>
    <subfield code="v">525.00</subfield>
    <subfield code="y">EN</subfield>
  </datafield>
  <datafield tag="952" ind1=" " ind2=" ">
    <subfield code="0">0</subfield>
    <subfield code="1">0</subfield>
    <subfield code="4">0</subfield>
    <subfield code="7">0</subfield>
    <subfield code="8">NFIC</subfield>
    <subfield code="a">CJ</subfield>
    <subfield code="b">CJ</subfield>
    <subfield code="d">2016-02-10</subfield>
    <subfield code="e">TZ-15261-D/24.9.2015/144/16.9.2015/4.11.2015</subfield>
    <subfield code="g">525.00</subfield>
    <subfield code="l">2</subfield>
    <subfield code="m">2</subfield>
    <subfield code="o">005.74 KRO</subfield>
    <subfield code="p">B-613618</subfield>
    <subfield code="r">2026-03-27 00:00:00</subfield>
    <subfield code="s">2026-03-17</subfield>
    <subfield code="t">1</subfield>
    <subfield code="v">525.00</subfield>
    <subfield code="y">EN</subfield>
  </datafield>
  <datafield tag="952" ind1=" " ind2=" ">
    <subfield code="0">0</subfield>
    <subfield code="1">0</subfield>
    <subfield code="4">0</subfield>
    <subfield code="7">0</subfield>
    <subfield code="8">NFIC</subfield>
    <subfield code="a">JP</subfield>
    <subfield code="b">JP</subfield>
    <subfield code="d">2016-02-10</subfield>
    <subfield code="e">TZ-15261-D/24.9.2015/144/16.9.2015/4.11.2015</subfield>
    <subfield code="g">525.00</subfield>
    <subfield code="l">14</subfield>
    <subfield code="m">4</subfield>
    <subfield code="o">005.74 KRO</subfield>
    <subfield code="p">B-613619</subfield>
    <subfield code="q">2026-07-13</subfield>
    <subfield code="r">2026-06-29 10:30:24</subfield>
    <subfield code="s">2026-06-29</subfield>
    <subfield code="t">1</subfield>
    <subfield code="v">525.00</subfield>
    <subfield code="y">EN</subfield>
  </datafield>
  <datafield tag="952" ind1=" " ind2=" ">
    <subfield code="0">0</subfield>
    <subfield code="1">0</subfield>
    <subfield code="4">0</subfield>
    <subfield code="7">0</subfield>
    <subfield code="8">NFIC</subfield>
    <subfield code="a">ZLS</subfield>
    <subfield code="b">ZLS</subfield>
    <subfield code="d">2016-02-10</subfield>
    <subfield code="e">TZ-15261-D/24.9.2015/144/16.9.2015/4.11.2015</subfield>
    <subfield code="g">525.00</subfield>
    <subfield code="l">4</subfield>
    <subfield code="m">3</subfield>
    <subfield code="o">005.74 KRO</subfield>
    <subfield code="p">B-613620</subfield>
    <subfield code="r">2026-02-05 00:00:00</subfield>
    <subfield code="s">2025-12-23</subfield>
    <subfield code="t">1</subfield>
    <subfield code="v">525.00</subfield>
    <subfield code="y">EN</subfield>
  </datafield>
  <datafield tag="952" ind1=" " ind2=" ">
    <subfield code="0">0</subfield>
    <subfield code="1">0</subfield>
    <subfield code="4">0</subfield>
    <subfield code="7">0</subfield>
    <subfield code="8">NFIC</subfield>
    <subfield code="a">RKP</subfield>
    <subfield code="b">RKP</subfield>
    <subfield code="d">2016-02-10</subfield>
    <subfield code="e">TZ-15261-D/24.9.2015/144/16.9.2015/4.11.2015</subfield>
    <subfield code="g">525.00</subfield>
    <subfield code="l">7</subfield>
    <subfield code="m">3</subfield>
    <subfield code="o">005.74 KRO</subfield>
    <subfield code="p">B-613621</subfield>
    <subfield code="r">2022-10-25 00:00:00</subfield>
    <subfield code="s">2022-10-11</subfield>
    <subfield code="t">1</subfield>
    <subfield code="v">525.00</subfield>
    <subfield code="y">EN</subfield>
  </datafield>
  <datafield tag="952" ind1=" " ind2=" ">
    <subfield code="0">0</subfield>
    <subfield code="1">0</subfield>
    <subfield code="4">0</subfield>
    <subfield code="7">0</subfield>
    <subfield code="8">NFIC</subfield>
    <subfield code="a">SP</subfield>
    <subfield code="b">SP</subfield>
    <subfield code="d">2016-02-10</subfield>
    <subfield code="e">TZ-15261-D/24.9.2015/144/16.9.2015/4.11.2015</subfield>
    <subfield code="g">525.00</subfield>
    <subfield code="l">1</subfield>
    <subfield code="o">005.74 KRO</subfield>
    <subfield code="p">B-613622</subfield>
    <subfield code="r">2021-07-16 00:00:00</subfield>
    <subfield code="s">2021-06-08</subfield>
    <subfield code="t">1</subfield>
    <subfield code="v">525.00</subfield>
    <subfield code="y">EN</subfield>
  </datafield>
  <datafield tag="952" ind1=" " ind2=" ">
    <subfield code="0">0</subfield>
    <subfield code="1">0</subfield>
    <subfield code="4">0</subfield>
    <subfield code="7">0</subfield>
    <subfield code="8">NFIC</subfield>
    <subfield code="a">VP</subfield>
    <subfield code="b">VP</subfield>
    <subfield code="d">2016-02-10</subfield>
    <subfield code="e">TZ-15261-D/24.9.2015/144/16.9.2015/4.11.2015</subfield>
    <subfield code="g">525.00</subfield>
    <subfield code="l">4</subfield>
    <subfield code="m">2</subfield>
    <subfield code="o">005.74 KRO</subfield>
    <subfield code="p">B-613623</subfield>
    <subfield code="r">2020-01-10 00:00:00</subfield>
    <subfield code="s">2019-12-28</subfield>
    <subfield code="t">1</subfield>
    <subfield code="v">525.00</subfield>
    <subfield code="y">EN</subfield>
  </datafield>
  <datafield tag="952" ind1=" " ind2=" ">
    <subfield code="0">0</subfield>
    <subfield code="1">0</subfield>
    <subfield code="4">0</subfield>
    <subfield code="7">0</subfield>
    <subfield code="8">NFIC</subfield>
    <subfield code="a">BN</subfield>
    <subfield code="b">BN</subfield>
    <subfield code="d">2016-02-10</subfield>
    <subfield code="e">TZ-15261-D/24.9.2015/144/16.9.2015/4.11.2015</subfield>
    <subfield code="g">525.00</subfield>
    <subfield code="l">1</subfield>
    <subfield code="o">005.74 KRO</subfield>
    <subfield code="p">B-613624</subfield>
    <subfield code="r">2020-01-30 00:00:00</subfield>
    <subfield code="s">2020-01-27</subfield>
    <subfield code="t">1</subfield>
    <subfield code="v">525.00</subfield>
    <subfield code="y">EN</subfield>
  </datafield>
  <datafield tag="952" ind1=" " ind2=" ">
    <subfield code="0">0</subfield>
    <subfield code="1">0</subfield>
    <subfield code="4">0</subfield>
    <subfield code="7">0</subfield>
    <subfield code="8">NFIC</subfield>
    <subfield code="a">NRR</subfield>
    <subfield code="b">NRR</subfield>
    <subfield code="d">2016-02-10</subfield>
    <subfield code="e">TZ-15261-D/24.9.2015/144/16.9.2015/4.11.2015</subfield>
    <subfield code="g">525.00</subfield>
    <subfield code="l">0</subfield>
    <subfield code="o">005.74 KRO</subfield>
    <subfield code="p">B-613625</subfield>
    <subfield code="r">2016-02-10 00:00:00</subfield>
    <subfield code="t">1</subfield>
    <subfield code="v">525.00</subfield>
    <subfield code="y">EN</subfield>
  </datafield>
  <datafield tag="952" ind1=" " ind2=" ">
    <subfield code="0">0</subfield>
    <subfield code="1">0</subfield>
    <subfield code="4">0</subfield>
    <subfield code="7">0</subfield>
    <subfield code="8">NFIC</subfield>
    <subfield code="a">BKK</subfield>
    <subfield code="b">BKK</subfield>
    <subfield code="d">2016-02-10</subfield>
    <subfield code="e">TZ-15261-D/24.9.2015/144/16.9.2015/4.11.2015</subfield>
    <subfield code="g">525.00</subfield>
    <subfield code="l">1</subfield>
    <subfield code="m">2</subfield>
    <subfield code="o">005.74 KRO</subfield>
    <subfield code="p">B-613626</subfield>
    <subfield code="r">2022-01-12 00:00:00</subfield>
    <subfield code="s">2021-12-13</subfield>
    <subfield code="t">1</subfield>
    <subfield code="v">525.00</subfield>
    <subfield code="y">EN</subfield>
  </datafield>
  <datafield tag="952" ind1=" " ind2=" ">
    <subfield code="0">0</subfield>
    <subfield code="1">0</subfield>
    <subfield code="4">0</subfield>
    <subfield code="7">0</subfield>
    <subfield code="8">NFIC</subfield>
    <subfield code="a">NR</subfield>
    <subfield code="b">NR</subfield>
    <subfield code="d">2016-02-10</subfield>
    <subfield code="e">TZ-15261-D/24.9.2015/144/16.9.2015/4.11.2015</subfield>
    <subfield code="g">525.00</subfield>
    <subfield code="l">0</subfield>
    <subfield code="o">005.74 KRO</subfield>
    <subfield code="p">B-613627</subfield>
    <subfield code="r">2016-02-10 00:00:00</subfield>
    <subfield code="t">1</subfield>
    <subfield code="v">525.00</subfield>
    <subfield code="y">EN</subfield>
  </datafield>
  <datafield tag="952" ind1=" " ind2=" ">
    <subfield code="0">0</subfield>
    <subfield code="1">0</subfield>
    <subfield code="4">0</subfield>
    <subfield code="7">0</subfield>
    <subfield code="8">NFIC</subfield>
    <subfield code="a">BN</subfield>
    <subfield code="b">BN</subfield>
    <subfield code="d">2016-02-10</subfield>
    <subfield code="e">TZ-15261-D/24.9.2015/144/16.9.2015/4.11.2015</subfield>
    <subfield code="g">525.00</subfield>
    <subfield code="l">3</subfield>
    <subfield code="m">1</subfield>
    <subfield code="o">005.74 KRO</subfield>
    <subfield code="p">B-613628</subfield>
    <subfield code="r">2022-05-25 00:00:00</subfield>
    <subfield code="s">2022-05-07</subfield>
    <subfield code="t">1</subfield>
    <subfield code="v">525.00</subfield>
    <subfield code="y">EN</subfield>
  </datafield>
  <datafield tag="952" ind1=" " ind2=" ">
    <subfield code="0">0</subfield>
    <subfield code="1">0</subfield>
    <subfield code="4">0</subfield>
    <subfield code="7">0</subfield>
    <subfield code="8">NFIC</subfield>
    <subfield code="a">KV</subfield>
    <subfield code="b">KV</subfield>
    <subfield code="d">2016-02-10</subfield>
    <subfield code="e">TZ-15261-D/24.9.2015/144/16.9.2015/4.11.2015</subfield>
    <subfield code="g">525.00</subfield>
    <subfield code="l">0</subfield>
    <subfield code="o">005.74 KRO</subfield>
    <subfield code="p">B-613629</subfield>
    <subfield code="r">2016-02-10 00:00:00</subfield>
    <subfield code="t">1</subfield>
    <subfield code="v">525.00</subfield>
    <subfield code="y">EN</subfield>
  </datafield>
  <datafield tag="952" ind1=" " ind2=" ">
    <subfield code="0">0</subfield>
    <subfield code="1">0</subfield>
    <subfield code="4">0</subfield>
    <subfield code="7">0</subfield>
    <subfield code="8">NFIC</subfield>
    <subfield code="a">MV</subfield>
    <subfield code="b">MV</subfield>
    <subfield code="d">2016-02-10</subfield>
    <subfield code="e">TZ-15261-D/24.9.2015/144/16.9.2015/4.11.2015</subfield>
    <subfield code="g">525.00</subfield>
    <subfield code="l">0</subfield>
    <subfield code="o">005.74 KRO</subfield>
    <subfield code="p">B-613630</subfield>
    <subfield code="r">2016-02-10 00:00:00</subfield>
    <subfield code="t">1</subfield>
    <subfield code="v">525.00</subfield>
    <subfield code="y">EN</subfield>
  </datafield>
  <datafield tag="952" ind1=" " ind2=" ">
    <subfield code="0">0</subfield>
    <subfield code="1">0</subfield>
    <subfield code="4">0</subfield>
    <subfield code="7">0</subfield>
    <subfield code="8">NFIC</subfield>
    <subfield code="a">MP</subfield>
    <subfield code="b">MP</subfield>
    <subfield code="d">2016-02-10</subfield>
    <subfield code="e">TZ-15261-D/24.9.2015/144/16.9.2015/4.11.2015</subfield>
    <subfield code="g">525.00</subfield>
    <subfield code="l">0</subfield>
    <subfield code="o">005.74 KRO</subfield>
    <subfield code="p">B-613631</subfield>
    <subfield code="r">2016-02-10 00:00:00</subfield>
    <subfield code="t">1</subfield>
    <subfield code="v">525.00</subfield>
    <subfield code="y">EN</subfield>
  </datafield>
  <datafield tag="952" ind1=" " ind2=" ">
    <subfield code="0">0</subfield>
    <subfield code="1">0</subfield>
    <subfield code="4">0</subfield>
    <subfield code="7">0</subfield>
    <subfield code="8">NFIC</subfield>
    <subfield code="a">BL4</subfield>
    <subfield code="b">BL4</subfield>
    <subfield code="d">2016-02-10</subfield>
    <subfield code="e">TZ-15261-D/24.9.2015/144/16.9.2015/4.11.2015</subfield>
    <subfield code="g">525.00</subfield>
    <subfield code="l">8</subfield>
    <subfield code="m">3</subfield>
    <subfield code="o">005.74 KRO</subfield>
    <subfield code="p">B-613632</subfield>
    <subfield code="r">2022-03-14 00:00:00</subfield>
    <subfield code="s">2022-02-28</subfield>
    <subfield code="t">1</subfield>
    <subfield code="v">525.00</subfield>
    <subfield code="y">EN</subfield>
  </datafield>
  <datafield tag="952" ind1=" " ind2=" ">
    <subfield code="0">0</subfield>
    <subfield code="1">0</subfield>
    <subfield code="4">0</subfield>
    <subfield code="7">1</subfield>
    <subfield code="8">NFIC</subfield>
    <subfield code="a">DBAD</subfield>
    <subfield code="b">DBAD</subfield>
    <subfield code="d">2016-02-18</subfield>
    <subfield code="e">DBAD/PUB</subfield>
    <subfield code="g">525.00</subfield>
    <subfield code="l">0</subfield>
    <subfield code="o">005.74 KRO</subfield>
    <subfield code="p">EN-98487</subfield>
    <subfield code="r">2016-02-18 00:00:00</subfield>
    <subfield code="t">1</subfield>
    <subfield code="v">525.00</subfield>
    <subfield code="w">2016-02-18</subfield>
    <subfield code="y">EN</subfield>
  </datafield>
  <datafield tag="952" ind1=" " ind2=" ">
    <subfield code="0">0</subfield>
    <subfield code="1">0</subfield>
    <subfield code="4">0</subfield>
    <subfield code="7">0</subfield>
    <subfield code="8">NFIC</subfield>
    <subfield code="a">AV</subfield>
    <subfield code="b">AV</subfield>
    <subfield code="d">2017-07-12</subfield>
    <subfield code="e">BPPD/EN/2015-16/AV/16-17/407/15.2.2017/17434/24.2.2017/ 18.3.2017</subfield>
    <subfield code="g">579.00</subfield>
    <subfield code="l">1</subfield>
    <subfield code="m">2</subfield>
    <subfield code="o">005.74 KRO</subfield>
    <subfield code="p">B-667993</subfield>
    <subfield code="r">2018-09-15 00:00:00</subfield>
    <subfield code="s">2018-08-06</subfield>
    <subfield code="t">1</subfield>
    <subfield code="v">579.00</subfield>
    <subfield code="w">2017-07-12</subfield>
    <subfield code="y">EN</subfield>
  </datafield>
</record>
